000 00488nam a2200193 a 4500
001 1767073669039
003 YourLibrary
005 20251230111911.0
008 251230s1957##################000#0#eng##
020 _a9780415098960
082 0 4 _a616.89
_bJUN
100 1 _aJung, C. G.,
_eauthor.
245 1 0 _aPsychiatric Studies :
260 _bPsychology Press,
_c1957.
300 _a288 pages
650 0 _aPsychology.
942 _cENGLISH
040 _aYourLibrary
_beng
_cYourLibrary
999 _c606078
_d606078